|
|
|
|
| LEADER |
00000nam0a2200000 4500 |
| 001 |
203140 |
| 005 |
20231031185511.0 |
| 010 |
|
|
|a 9785412002750
|
| 010 |
|
|
|a 978-5-386-03618-8
|
| 035 |
|
|
|a (RuTPU)RU\TPU\book\221357
|
| 035 |
|
|
|a RU\TPU\book\191528
|
| 090 |
|
|
|a 203140
|
| 100 |
|
|
|a 20111027d2011 m y0rusy50 ca
|
| 101 |
1 |
|
|a rus
|c fre
|
| 102 |
|
|
|a RU
|
| 105 |
|
|
|a y z 000ay
|
| 200 |
1 |
|
|a Смех Циклопа
|e роман
|e пер. с фр.
|f Б. Вербер
|
| 210 |
|
|
|a Москва
|c РИПОЛ классик
|c Geleos Publishing House
|d 2011
|
| 215 |
|
|
|a 608 с.
|
| 330 |
|
|
|a Дарий по прозвищу ЦИКЛОП — любимец французской публики и лучший в мире комик. Полные залы, овации, гомерический хохот. Годы успеха и славы. Все это исчезло в одно мгновение. Осталось лишь безжизненное тело в личной гримерке. Великий комик мертв. Журналисты Исидор и Лукреция убеждены, что эта смерть не случайна — Циклопа убили. Они начинают собственное расследование, которое приводит их туда, где рождается смех. Новый бестселлер культового французского писателя Бернара Вербера, автора мировых бестселлеров "Империя ангелов", "Муравьи", "Зеркало Кассандры".
|
| 610 |
1 |
|
|a французская литература
|
| 610 |
1 |
|
|a рассказы
|
| 610 |
1 |
|
|a проза
|
| 675 |
|
|
|a 84
|v 3
|
| 700 |
|
1 |
|a Вербер
|b Б.
|g Бернар
|
| 801 |
|
1 |
|a RU
|b 63413507
|c 20100303
|
| 801 |
|
2 |
|a RU
|b 63413507
|c 20221209
|g RCR
|
| 942 |
|
|
|c BK
|